[Event "4NCL Division 1a"]
[Site "Hinckley Island ENG"]
[Date "2014.01.12"]
[Round "4.143"]
[White "Kwiatkowski, Feliks J"]
[Black "Dickenson, Neil F"]
[Result "0-1"]
[WhiteElo "2215"]
[BlackElo "2300"]
[PlyCount "60"]
[EventDate "2014.01.12"]
[WhiteTeam "Kings Head 1"]
[BlackTeam "Oxford 1"]

1. e4 e5 2. Nf3 Nc6 3. Bb5 f5 4. d3 fxe4 5. dxe4 Nf6 6. Qd3 Bb4+ 7. Nbd2 Qe7 8.
c3 Bc5 9. Nc4 O-O 10. b4 d5 11. Bxc6 bxc6 12. Ncxe5 Bd6 13. Nxc6 Qe8 14. Nfd4
dxe4 15. Qc4+ Kh8 16. h3 Qg6 17. g4 e3 18. Bxe3 Ne4 19. Rf1 a5 20. Nxa5 c5 21.
Nf5 Bxf5 22. gxf5 Qxf5 23. Nb7 Be5 24. Rc1 Nxc3 25. Rxc3 Bxc3+ 26. Qxc3 Qb1+
27. Bc1 Rfe8+ 28. Kd1 cxb4 29. Qb3 Qe4 30. Nc5 Qe2# 0-1

[Event "4NCL Division 1a"]
[Site "Hinckley Island ENG"]
[Date "2014.01.12"]
[Round "4.144"]
[White "Rose, Matthew"]
[Black "Guthrie, David W"]
[Result "1/2-1/2"]
[WhiteElo "2309"]
[BlackElo "2230"]
[PlyCount "66"]
[EventDate "2014.01.12"]
[WhiteTeam "Oxford 1"]
[BlackTeam "Kings Head 1"]

1. e4 c5 2. c3 Nf6 3. e5 Nd5 4. d4 cxd4 5. Nf3 e6 6. cxd4 d6 7. Bc4 Nc6 8. O-O
Be7 9. a3 Nb6 10. Bd3 dxe5 11. dxe5 Nd7 12. Re1 Nc5 13. Bc2 Qxd1 14. Rxd1 Nd7
15. Re1 b5 16. Nc3 a6 17. Bf4 Bb7 18. Ne4 Rc8 19. Rac1 h6 20. h3 Na5 21. a4 O-O
22. axb5 axb5 23. Bd3 Bxe4 24. Bxe4 Nc5 25. Bb1 Nc4 26. Nd4 Nxb2 27. Rc3 Rfd8
28. Nxb5 Ncd3 29. Bxd3 Nxd3 30. Re4 Nxf4 31. Rxf4 Rd1+ 32. Kh2 Rxc3 33. Nxc3
Re1 1/2-1/2

[Event "4NCL Division 1a"]
[Site "Hinckley Island ENG"]
[Date "2014.01.12"]
[Round "4.145"]
[White "Haria, Ravi"]
[Black "Eckersley-Waites, Tom"]
[Result "0-1"]
[WhiteElo "2149"]
[BlackElo "2274"]
[PlyCount "114"]
[EventDate "2014.01.12"]
[WhiteTeam "Kings Head 1"]
[BlackTeam "Oxford 1"]

1. e4 e5 2. Nf3 Nc6 3. Bb5 a6 4. Ba4 Nf6 5. O-O b5 6. Bb3 Be7 7. Re1 d6 8. c3
O-O 9. h3 Qd7 10. d4 Bb7 11. Nbd2 Rae8 12. d5 Nb8 13. Nf1 c6 14. Bg5 Kh8 15.
Bxf6 Bxf6 16. Ne3 c5 17. c4 Qc7 18. cxb5 axb5 19. a4 b4 20. Bc4 Nd7 21. Bb5 Ra8
22. a5 Ba6 23. Qa4 Ra7 24. Nc4 Rfa8 25. Kh2 g6 26. Nfd2 Bg5 27. Nb3 Rb8 28.
Bxa6 Rxa6 29. g3 f5 30. exf5 gxf5 31. Qa2 Qb7 32. Rad1 Qb5 33. Ne3 f4 34. Nf5
Qc4 35. Qa4 fxg3+ 36. Nxg3 Nf6 37. Nd2 Qf4 38. Re2 Bh4 39. Qc2 Rg8 40. Rg1 Rxa5
41. Qd3 Ra7 42. Nc4 e4 43. Qe3 Qxe3 44. Rxe3 Bg5 45. Ree1 Bf4 46. Kh1 Rag7 47.
Nf5 Rxg1+ 48. Rxg1 Rxg1+ 49. Kxg1 Nxd5 50. Nfxd6 e3 51. fxe3 Bxd6 52. e4 Nf4
53. Nxd6 Nxh3+ 54. Kg2 Ng5 55. Kg3 Kg7 56. Kf4 Kf6 57. Ne8+ Ke7 0-1

[Event "4NCL Division 1a"]
[Site "Hinckley Island ENG"]
[Date "2014.01.12"]
[Round "4.146"]
[White "Coleman, James"]
[Black "Okike, David C"]
[Result "1/2-1/2"]
[WhiteElo "2141"]
[BlackElo "2162"]
[PlyCount "143"]
[EventDate "2014.01.12"]
[WhiteTeam "Oxford 1"]
[BlackTeam "Kings Head 1"]

1. d4 Nf6 2. c4 e6 3. g3 Bb4+ 4. Bd2 Qe7 5. Bg2 O-O 6. e3 d5 7. Bxb4 Qxb4+ 8.
Qd2 Qxc4 9. Nc3 c6 10. Rc1 Qa6 11. Nf3 Nbd7 12. Bf1 Qa5 13. Bd3 Re8 14. Ne5 a6
15. f4 Nf8 16. g4 N6d7 17. O-O f6 18. Nf3 Qd8 19. g5 f5 20. Na4 a5 21. Kg2 Nb6
22. Nc5 Qc7 23. h4 Bd7 24. h5 Re7 25. Ne5 Be8 26. h6 g6 27. Qc3 Nfd7 28. Ncxd7
Nxd7 29. Nf3 Qd6 30. Rfd1 Nf8 31. Ne5 Rc7 32. Qc5 Qxc5 33. Rxc5 Nd7 34. Nxd7
Bxd7 35. Rdc1 Rcc8 36. Be2 Kf8 37. Kf2 Ke7 38. Ke1 Kd6 39. Kd2 b6 40. R5c2 c5
41. Ke1 Ba4 42. Rc3 Bd7 43. R3c2 Rc7 44. Kd2 Raa7 45. Ke1 Ba4 46. Rc3 Bd7 47.
R3c2 Bc8 48. Rc3 c4 49. b3 b5 50. bxc4 dxc4 51. a4 b4 52. Rxc4 Bd7 53. Rxc7
Rxc7 54. Rxc7 Kxc7 55. Bd1 Kd6 56. Kd2 Bc6 57. Kd3 Be4+ 58. Kd2 Ke7 59. Be2 Bc6
60. Bd1 Bd5 61. Kd3 Kf8 62. Kd2 Bc4 63. Bc2 Ke7 64. Bd1 Bf1 65. Bf3 Bc4 66. Bd1
Ba6 67. Bf3 Bc8 68. Bd1 Bd7 69. Kc1 Kd6 70. Kd2 Bc6 71. Bh5 Be8 72. Bd1 1/2-1/2

[Event "4NCL Division 1a"]
[Site "Hinckley Island ENG"]
[Date "2014.01.12"]
[Round "4.147"]
[White "Mackenzie, Colin"]
[Black "Rawlinson, Aidan M"]
[Result "0-1"]
[WhiteElo "2095"]
[BlackElo "2143"]
[PlyCount "112"]
[EventDate "2014.01.12"]
[WhiteTeam "Kings Head 1"]
[BlackTeam "Oxford 1"]

1. c4 g6 2. g3 Bg7 3. Bg2 Nf6 4. Nc3 O-O 5. d3 d6 6. Nf3 e5 7. O-O h6 8. e4 Bg4
9. h3 Bxf3 10. Bxf3 Nc6 11. Bg2 Nd7 12. Be3 Nc5 13. Qd2 Kh7 14. Ne2 Ne6 15. f4
exf4 16. Nxf4 Ncd4 17. Nxe6 Nxe6 18. Rf3 Nd4 19. Bxd4 Bxd4+ 20. Kh1 Qe7 21.
Raf1 Kg7 22. b4 Qe5 23. Qf4 a5 24. b5 a4 25. Qxe5+ Bxe5 26. Rb1 Bd4 27. Rff1
Ra7 28. Bf3 f6 29. Kg2 Kf7 30. h4 h5 31. g4 hxg4 32. Bxg4 Rh8 33. Rh1 Raa8 34.
Rh3 Rh6 35. Rbh1 a3 36. Rb1 Ke7 37. h5 Rg8 38. Kf3 gxh5 39. Bxh5 Be5 40. Rbh1
Rg7 41. Bg4 Rhg6 42. Rg1 c6 43. bxc6 bxc6 44. Rh8 f5 45. exf5 Rxg4 46. Rxg4
Rxg4 47. Ra8 Rg3+ 48. Ke4 Rg4+ 49. Kf3 Rf4+ 50. Ke3 c5 51. Rxa3 Rxf5 52. Ra8
Bd4+ 53. Ke4 Re5+ 54. Kf4 Re1 55. Kf5 Re3 56. a4 Kd7 0-1